| 000 | 00795nam a2200217Ii 4500 | ||
|---|---|---|---|
| 020 | _a0803118554 | ||
| 040 | _cDGW | ||
| 082 | _a628 AME 1993 A042 Or. | ||
| 245 | 0 | 0 | _aFlammability and sensitivity of materials in oxygen-enriched atmospheres. |
| 300 |
_ax, 406 pages : _billustrations ; _c24 cm |
||
| 490 | 1 | _aSTP, | |
| 500 | _a"ASTM Publication Code Number (PCN) 04-011970-31." | ||
| 500 | _a"Sixth International Symposium on Flammability and Sensitivity of Materials in Oxygen-Enriched Atmospheres ... presented at Noordwijk, The Netherlands, from 11 to 13 May 1993."--P. [iii] | ||
| 650 | 0 | _aMaterials | |
| 650 | 0 | _aOxygen index of materials | |
| 650 | 0 | _aFlammable materials | |
| 650 | 0 | _aFire-testing | |
| 700 | 1 | _aJanoff, Dwight D | |
| 700 | 1 | _aStoltzfus, Joel M | |
| 942 | _cEK | ||
| 999 |
_c12674 _d12674 |
||